000 00845nam a22001817a 4500
999 _c64039
_d64039
003 Ge_BSU
005 20260313163635.0
008 260313s1958 ge ||||| |||| 00| 0 geo d
041 _ageo
080 _a911.3:33(072) ლ-81
100 _aლომინაძე, მიხ.
_927136
245 _aპოლიტექნიზმის პრინციპი ეკონომიური გეოგრაფიის სწავლებაში /
_c მიხ. ლომინაძე.
264 _aთბილისი :
_bცოდნა,
_c1958
300 _a48 გვ. ;
_b20 სმ.
653 _aპოლიტექნიკური სწავლება
653 _aეკონომიური გეოგრაფიის სწავლების მეთოდიკა
942 _2udc
_cᲬᲘᲒᲜᲘ